000 00539nam a22001817a 4500
005 20140619123732.0
010 _aENG-110240
020 _a9788122205732
_c195.00
035 _aEN-93772
037 _bDBAD/PUB
082 _a615.5
245 _aHealthy living :
_baccording to Gandhi /
260 _aNew Delhi
_bOrient Publishing
_c2014
270 _a5A/8 Ansari Road, Darya Ganj
_bNew Delhi
_e110002
300 _a160p.
_c22cm(pbk)
500 _aIncludes bibliographical references
942 _2ddc
_cEN
_mHEA
_h615.5
999 _c85090
_d85090